000 00523nam a22001937a 4500
003 KOHA_MİRAKIL
005 20251116135753.0
008 251116b tu ||||| |||| 00| 0 tur d
020 _a9786057043405
040 _aTR-AnABB
_btur
_cTR-AnABB
041 _atur
082 _a701.18
_bSUP 2021
100 1 _aSüphandağı, İsmail,
245 1 0 _aSanat ve zihniyet /
_cİsmail Süphandağı
260 _aAnkara :
_bMaarif Mektebi,
_c2021
300 _a90 sayfa ;
_c21 cm
650 0 0 _aSanat
942 _2ddc
_cBK
999 _c9424
_d9424
900 _bGizem YORULMAZ